| 000 | 00602nam a2200241Ia 4500 | ||
|---|---|---|---|
| 003 | OSt | ||
| 005 | 20221005083623.0 | ||
| 006 | a|||||r|||| 00| 0 | ||
| 007 | ta | ||
| 008 | 221004b |||||||| |||| 00| 0 eng d | ||
| 024 | _a54804 | ||
| 037 | _cTextual | ||
| 040 |
_aCRL _cCRL _beng |
||
| 041 |
_2eng _aeng |
||
| 082 | _aV2y7N17, N1 | ||
| 100 | _aAlexander P C | ||
| 245 | 0 | _aMy years with Indira Gandhi | |
| 260 |
_aNew Delhi _bVision _c1991 |
||
| 300 |
_a168p. _ccm. |
||
| 650 | _aHISTORY | ||
| 942 |
_hV2y7N17, N1 _cTEXL _2cc |
||
| 999 |
_c991300 _d991300 |
||